El descenso del Monte Morgan /

Guardado en:
Detalles Bibliográficos
Autor principal: Miller, Arthur (autor)
Formato: Libro
Idioma:Español
Publicado: México : Tusquets, 2013, c2013
Colección:(Fábula Tusquets. Biblioteca Arthur Miller) [s.n.]
Temas:
Etiquetas: Agrega una etiqueta
Sin etiquetas, Sé el primero en etiquetar este registro!

MARC

LEADER 00000nam^a2200000^a^4500
001 000352823
005 20250521000000.0
009 20260310115049.895
020 |a 978-607-421-425-3 
037 |a Acervo ITESO - Biblioteca 
041 |a ESP 
082 |a 812.  |b MIL 
100 |a Miller, Arthur  |e (autor) 
245 1 3 |a El descenso del Monte Morgan /  |c A. Miller ; tr. por Carlos Milla Soler. 
264 4 |a México :  |b Tusquets,  |c 2013, c2013 
300 |a 127 p. 
336 |a texto  |b txt  |2 rdacontenido 
337 |a sin mediación  |b n  |2 rdamedio 
338 |a volumen  |b nc  |2 rdasoporte 
440 1 |a (Fábula Tusquets.  |p Biblioteca Arthur Miller) [s.n.] 
500 |a Traducción de: The Ride Down Mt. Morgan 
649 |a XX 
650 |a Teatro Norteamericano 
650 |a Literatura Norteamericana -  |y Siglo XX 
910 |a Fondo General 
920 |a Impresos - Libros 
930 |a Colección General 
940 |a Literatura 
905 |a 101 
901 |a 0500244923  |b IT1  |c LIT  |i C145618  |u 20250521 
902 |a https://opac.biblio.iteso.mx/vufind/Record/000352823